[Event "Challenge"]
[Site "http://www.queenalice.com/game.php?id=1363536"]
[Date "2015.6.4"]
[Round "-"]
[White "Redtom"]
[Black "alexferreira"]
[Result "0-1"]
[WhiteElo "1971"]
[BlackElo "2047"]

1. e4 d5 2. exd5 Qxd5 3. Nc3 Qe6+ 4. Qe2 Qxe2+ 5. Bxe2 c6 6. d4 g6 7. d5 e6 8.
dxe6 Bxe6 9. Nf3 Bg7 10. Ne4 Ke7 11. Nc5 b6 12. Nxe6 Kxe6 13. Bc4+ Ke7 14. O-O
Nf6 15. Re1+ Kf8 16. Ne5 Nfd7 17. Nxf7 Rg8 18. Nd6 Nf6 19. Bxg8 Kxg8 20. Bg5
Nbd7 21. c3 Rf8 22. Re7 c5 23. Rae1 h6 24. Bxf6 Nxf6 25. Rxa7 Nd5 26. Rd1 Nf4
27. Nc4 b5 28. Ne3 b4 29. Rdd7 Ne6 30. Re7 Rf6 31. cxb4 cxb4 0-1

[Event "Challenge"]
[Site "http://www.queenalice.com/game.php?id=1373279"]
[Date "2015.7.25"]
[Round "-"]
[White "alexferreira"]
[Black "novoselic"]
[Result "1-0"]
[WhiteElo "1999"]
[BlackElo "1937"]

1. d4 Nf6 2. g3 h5 3. Bg2 h4 4. Nf3 h3 5. Bf1 d5 6. c3 Bg4 7. Nbd2 Nbd7 8. Nb3
e6 9. Bg5 Be7 10. Qd2 Ne4 11. Bxe7 Qxe7 12. Qe3 Ndf6 13. Nfd2 Bh5 14. Nxe4 Nxe4
15. Bxh3 O-O-O 16. Nd2 Kb8 17. Nxe4 dxe4 18. Qxe4 Bg6 19. Qg4 Bf5 20. Qxg7 Bxh3
21. O-O-O Rhg8 22. Qe5 Rg5 23. Qe4 Ra5 24. a3 Bf5 25. Qf4 Bg6 26. e4 Qg5 27.
Qxg5 1-0

[Event "Challenge"]
[Site "http://www.queenalice.com/game.php?id=1373281"]
[Date "2015.7.25"]
[Round "-"]
[White "alexferreira"]
[Black "king_chess"]
[Result "1-0"]
[WhiteElo "2045"]
[BlackElo "1942"]

1. d4 g6 2. g3 Nf6 3. Bg2 Bg7 4. Nf3 O-O 5. c3 d5 6. O-O Nc6 7. Nbd2 Bg4 8. Nb3
Bxf3 9. Bxf3 Qd6 10. Bf4 e5 11. dxe5 Nxe5 12. Qd4 Nxf3+ 13. exf3 Qd7 14. Qd2
Rae8 15. Bh6 1-0

[Event "Challenge"]
[Site "http://www.queenalice.com/game.php?id=1373283"]
[Date "2015.7.25"]
[Round "-"]
[White "alexferreira"]
[Black "Ebbe"]
[Result "1/2-1/2"]
[WhiteElo "2013"]
[BlackElo "1987"]

1. d4 d5 2. g3 h6 3. Bg2 Bf5 4. Nf3 Nf6 5. Bf4 Nc6 6. c3 e6 7. Nbd2 g5 8. Be5
Bd6 9. Bxf6 Qxf6 10. Nb3 e5 11. dxe5 Bxe5 12. Nxe5 Qxe5 13. O-O O-O-O 14. e3 Qe6
15. Nd4 Nxd4 16. exd4 Bh3 17. Re1 Bg4 18. f3 Qb6 19. fxg4 Qxb2 20. Qf3 Rhf8 21.
a4 Qb6 22. Qf5+ Kb8 23. Bxd5 Qa5 24. Be4 Qxc3 25. Qb5 Qxd4+ 26. Kh1 Qb6 27. Qf5
Rd2 28. Rab1 Rb2 29. Rxb2 Qxb2 30. Qb5 Qxb5 31. axb5 Re8 32. Kg2 h5 33. Kf2 hxg4
34. Bf5 Rd8 35. Bxg4 c6 36. bxc6 bxc6 37. Re7 f6 38. Rf7 1/2-1/2

[Event "Challenge"]
[Site "http://www.queenalice.com/game.php?id=1373284"]
[Date "2015.7.25"]
[Round "-"]
[White "alexferreira"]
[Black "worldwide"]
[Result "1/2-1/2"]
[WhiteElo "1989"]
[BlackElo "1860"]

1. d4 g6 2. g3 Bg7 3. Bg2 Nf6 4. Nf3 O-O 5. c3 d5 6. O-O Na6 7. Bf4 c6 8. Nbd2
e6 9. Nb3 b5 10. Be5 Bb7 11. Nfd2 Nb8 12. Bxf6 Qxf6 13. e4 Qd8 14. exd5 exd5 15.
Nc5 Qc7 16. Nxb7 Qxb7 17. Nb3 Nd7 18. Qc2 a5 19. Nd2 Nb6 20. b3 b4 21. Nf3 Qe7
22. Rfe1 Qd6 23. Rad1 a4 24. Re2 axb3 25. axb3 Ra3 26. Rc1 Bh6 27. Rce1 bxc3 28.
Qxc3 Na4 29. Qd3 Rb8 30. Re8+ Rxe8 31. Rxe8+ Bf8 32. Qc2 Ra1+ 33. Re1 Rxe1+ 34.
Nxe1 Nb6 35. Nd3 Nd7 36. f4 c5 37. dxc5 Nxc5 38. Kh1 Nxd3 39. Qxd3 d4 40. Be4
Qb4 41. Kg2 Qc3 42. Qxc3 dxc3 1/2-1/2

[Event "Challenge"]
[Site "http://www.queenalice.com/game.php?id=1373285"]
[Date "2015.7.25"]
[Round "-"]
[White "alexferreira"]
[Black "teddy"]
[Result "0-1"]
[WhiteElo "2029"]
[BlackElo "1944"]

1. d4 d5 2. g3 Nf6 3. Bg2 e6 4. Nf3 c5 5. c3 cxd4 6. Nxd4 Bc5 7. Bg5 Nc6 8. Nxc6
bxc6 9. O-O Qb6 10. Bxf6 gxf6 11. Qc2 a5 12. Nd2 Ba6 13. Nb3 Bd6 14. Rfe1 O-O-O
15. Rad1 h5 16. Nd4 Rdg8 17. e4 h4 18. exd5 cxd5 19. Qb3 Qc7 20. Nb5 Bxb5 21.
Qxb5 hxg3 22. fxg3 Bc5+ 23. Kh1 Rxg3 24. Rf1 Rxh2+ 25. Kxh2 Rg8+ 26. Kh1 Rh8+
27. Bh3 Rxh3+ 0-1

[Event "Challenge"]
[Site "http://www.queenalice.com/game.php?id=1373288"]
[Date "2015.7.25"]
[Round "-"]
[White "teddy"]
[Black "alexferreira"]
[Result "1-0"]
[WhiteElo "1923"]
[BlackElo "2050"]

1. e4 d5 2. exd5 Qxd5 3. Nc3 Qe6+ 4. Be2 c6 5. Nf3 g6 6. O-O Bg7 7. d4 Nf6 8.
Re1 Qd6 9. Bc4 O-O 10. h3 Bf5 11. Be3 Nbd7 12. Qd2 Ne4 13. Nxe4 Bxe4 14. Ng5 Bf5
15. c3 Qc7 16. g4 e6 17. gxf5 exf5 18. Bf4 Qb6 19. Bd6 Bf6 20. Bxf8 Nxf8 21.
Nxf7 Kg7 22. Qh6+ Kg8 23. Nd8+ 1-0

[Event "Challenge"]
[Site "http://www.queenalice.com/game.php?id=1373289"]
[Date "2015.7.25"]
[Round "-"]
[White "worldwide"]
[Black "alexferreira"]
[Result "1-0"]
[WhiteElo "1896"]
[BlackElo "1992"]

1. Nf3 d5 2. d4 g6 3. g3 Bg7 4. Bg2 c6 5. O-O Nf6 6. a4 a5 7. b3 O-O 8. Ba3 Re8
9. Nc3 Nbd7 10. Re1 Nb6 11. e4 dxe4 12. Nxe4 Bg4 13. Nxf6+ Bxf6 14. Bb2 Nd5 15.
Qd2 Bxf3 16. Bxf3 e6 17. Bxd5 cxd5 18. Rab1 b6 19. Bc1 Rc8 20. Re2 Rc6 21. Qd3
Qc7 22. Bf4 Qc8 23. Be5 Bxe5 24. dxe5 Re7 25. Qe3 Rxc2 26. Rxc2 Rc7 27. Rxc7
Qxc7 28. Rc1 Qb7 29. Qg5 Qd7 30. Qf6 h5 31. h4 Qb7 32. Qd8+ Kg7 33. Rc7 Qa6 34.
Qf6+ Kg8 35. Rxf7 1-0

[Event "Challenge"]
[Site "http://www.queenalice.com/game.php?id=1373290"]
[Date "2015.7.25"]
[Round "-"]
[White "Ebbe"]
[Black "alexferreira"]
[Result "1-0"]
[WhiteElo "1966"]
[BlackElo "2010"]

1. e4 d5 2. exd5 Qxd5 3. Nc3 Qe6+ 4. Be2 c6 5. d4 g6 6. d5 cxd5 7. Nxd5 Qd6 8.
Bf4 e5 9. Bg3 Nd7 10. Nf3 f6 11. O-O Ne7 12. Bc4 Nxd5 13. Bxd5 Qe7 14. c4 Nb6
15. Re1 Nxd5 16. cxd5 Qd6 17. Nxe5 fxe5 18. Bxe5 Qc5 19. Bxh8+ Kd7 20. Rc1 Qd6
21. Qa4+ 1-0

[Event "Challenge"]
[Site "http://www.queenalice.com/game.php?id=1373292"]
[Date "2015.7.25"]
[Round "-"]
[White "king_chess"]
[Black "alexferreira"]
[Result "0-1"]
[WhiteElo "1930"]
[BlackElo "2057"]

1. c4 g6 2. Nf3 Bg7 3. e4 Nf6 4. Bd3 d6 5. O-O Bg4 6. Qb3 Qc8 7. Qa4+ Qd7 8. Qb3
Bxf3 9. gxf3 Qd8 10. Qxb7 Nbd7 11. f4 Nc5 12. Qc6+ Nfd7 13. Be2 O-O 14. Nc3 a6
0-1

[Event "Challenge"]
[Site "http://www.queenalice.com/game.php?id=1373293"]
[Date "2015.7.25"]
[Round "-"]
[White "novoselic"]
[Black "alexferreira"]
[Result "0-1"]
[WhiteElo "1952"]
[BlackElo "1984"]

1. e4 d5 2. exd5 Qxd5 3. Nc3 Qe6+ 4. Qe2 c6 5. Nf3 g6 6. d4 Qxe2+ 7. Bxe2 Bg7 8.
Be3 Nf6 9. O-O-O Bg4 10. Ne5 Bxe2 11. Nxe2 O-O 12. g4 Nbd7 13. g5 Nxe5 14. gxf6
Bxf6 15. dxe5 Bxe5 16. f4 Bg7 17. Rd7 Rab8 18. Bxa7 Rbd8 19. Rxb7 e6 20. h4 h5
21. Bc5 Rb8 22. Rxb8 Rxb8 23. b3 Ra8 24. a4 Ra5 25. Bd4 Bf8 26. Nc3 Bd6 0-1

[Event "Challenge"]
[Site "http://www.queenalice.com/game.php?id=1373295"]
[Date "2015.7.25"]
[Round "-"]
[White "alexferreira"]
[Black "jcso"]
[Result "1-0"]
[WhiteElo "1972"]
[BlackElo "2005"]

1. d4 d5 2. g3 Nf6 3. Bg2 e6 4. Nf3 h6 5. Bf4 Bd6 6. Bxd6 Qxd6 7. O-O O-O 8. c3
Nc6 9. Nbd2 Re8 10. Nb3 e5 11. dxe5 Nxe5 12. Nxe5 Qxe5 13. e3 Rb8 14. Nd4 a6 15.
Qd2 c6 16. Nf3 Ne4 17. Qc2 Qc7 18. Nd2 Bf5 19. Qd1 Qb6 20. Qc1 Rbd8 21. Nxe4
Bxe4 22. b3 c5 23. c4 d4 24. exd4 Rxd4 25. Bxe4 Rdxe4 26. Qc2 Qf6 27. Qd3 Re2
28. a4 a5 29. Rac1 b6 30. Rc2 R2e6 31. f4 Re3 32. Qd1 Rxb3 33. Rd2 Rb2 34. Rff2
Rxd2 35. Rxd2 Qc3 36. Rd8 Kf8 37. Qd6+ Kg8 38. Rxe8+ Kh7 39. Qe5 Qa1+ 40. Qxa1
1-0

[Event "Challenge"]
[Site "http://www.queenalice.com/game.php?id=1373296"]
[Date "2015.7.25"]
[Round "-"]
[White "jcso"]
[Black "alexferreira"]
[Result "1-0"]
[WhiteElo "1986"]
[BlackElo "2064"]

1. e4 d5 2. e5 g6 3. d4 Bg7 4. Nf3 f6 5. Bd3 Bg4 6. h3 Bxf3 7. Qxf3 Nh6 8. Bf4
O-O 9. Qg3 Qd7 10. O-O Nf5 11. Bxf5 e6 12. exf6 Rxf6 13. Bd3 Rf7 14. c3 Qd8 15.
Na3 a6 16. Rae1 c6 17. Rxe6 Re7 18. Bg5 Bf8 19. Rfe1 Nd7 20. Bxe7 Bxe7 21. Rxe7
Nf6 22. Bxg6 1-0

[Event "Challenge"]
[Site "http://www.queenalice.com/game.php?id=1386580"]
[Date "2015.10.1"]
[Round "-"]
[White "alexferreira"]
[Black "pancas"]
[Result "0-1"]
[WhiteElo "1993"]
[BlackElo "1966"]

1. d4 d5 2. g3 Nc6 3. Bg2 Nf6 4. Nf3 Bf5 5. c3 e6 6. Bg5 Be7 7. O-O Ne4 8. Bxe7
Qxe7 9. Nbd2 O-O 10. Nb3 Rad8 11. Nfd2 Nxd2 12. Nxd2 e5 13. dxe5 Nxe5 14. Re1 c6
15. Qc1 Qd7 16. Nf3 Rfe8 17. Nd4 Bh3 18. Bh1 Qe7 19. e3 Qf6 20. Qd1 Nc4 21. b3
Nd6 22. Qc2 Ne4 23. Rac1 Ng5 24. Qe2 h6 25. Nf3 Bg4 26. Red1 Nxf3+ 27. Bxf3 Bxf3
28. Qd2 Qf5 0-1

[Event "Challenge"]
[Site "http://www.queenalice.com/game.php?id=1386581"]
[Date "2015.10.1"]
[Round "-"]
[White "pancas"]
[Black "alexferreira"]
[Result "1-0"]
[WhiteElo "1947"]
[BlackElo "2012"]

1. e4 d5 2. exd5 Qxd5 3. Nc3 Qe6+ 4. Be2 c6 5. Nf3 g6 6. O-O Bg7 7. Re1 Qd6 8.
Ne4 Qc7 9. Bc4 Nf6 10. Neg5 O-O 11. Qe2 e6 12. d4 Nbd7 13. c3 Nb6 14. Bb3 Nbd5
15. h3 b6 16. Ne5 Bb7 17. c4 Ne7 18. Bf4 1-0

[Event "Challenge"]
[Site "http://www.queenalice.com/game.php?id=1396797"]
[Date "2015.12.1"]
[Round "-"]
[White "alexferreira"]
[Black "Frpo055"]
[Result "1-0"]
[WhiteElo "2004"]
[BlackElo "1923"]

1. d4 Nf6 2. g3 g6 3. Bg2 Bg7 4. Nf3 O-O 5. O-O d6 6. c3 Nbd7 7. Nbd2 e5 8. dxe5
Nxe5 9. Nb3 Bd7 10. Bg5 h6 11. Bxf6 1-0

[Event "Challenge"]
[Site "http://www.queenalice.com/game.php?id=1399804"]
[Date "2015.12.21"]
[Round "-"]
[White "alexferreira"]
[Black "lfcanales"]
[Result "0-1"]
[WhiteElo "2018"]
[BlackElo "2165"]

1. d4 d5 2. g3 Bf5 3. Bg2 e6 4. Nf3 Nc6 5. c3 h6 6. Bf4 Bd6 7. Bxd6 Qxd6 8. O-O
Nf6 9. Nbd2 O-O 10. Nb3 b6 11. Nfd2 Bg4 12. Re1 Rad8 13. Qc1 e5 14. dxe5 Nxe5
15. Nd4 c5 16. Nb5 Qd7 17. Na3 d4 18. c4 Bh3 19. Bh1 Qf5 20. Nf3 Nfg4 21. Qc2 d3
22. Qc3 dxe2 23. Rxe2 Rd3 24. Nh4 Qf6 25. Qc2 Nf3+ 26. Bxf3 Rxf3 27. Ng2 Qc6 28.
Qe4 Qxe4 29. Rxe4 Nxf2 30. Re2 Nd3 31. b3 Nb4 32. Rf1 Rxf1+ 33. Kxf1 Rd8 34. Nb5
Rd1+ 35. Kf2 a6 36. Nc3 Rd4 37. Nf4 Bg4 38. Rb2 g5 39. Nfe2 Bxe2 40. Nxe2 Rd6
41. Nc3 Nd3+ 0-1

[Event "Challenge"]
[Site "http://www.queenalice.com/game.php?id=1399805"]
[Date "2015.12.21"]
[Round "-"]
[White "lfcanales"]
[Black "alexferreira"]
[Result "1-0"]
[WhiteElo "2148"]
[BlackElo "2029"]

1. e4 d5 2. exd5 Qxd5 3. c4 Qe6+ 4. Be2 g6 5. d4 Bg7 6. Nf3 Nf6 7. O-O O-O 8.
Nc3 c6 9. Re1 Qd6 10. h3 Bf5 11. c5 Qd8 12. Bd3 Bxd3 13. Qxd3 Nbd7 14. Bf4 Re8
15. Rad1 Nd5 16. Nxd5 Rc8 17. Nc3 Qa5 18. a3 Nf6 19. Na2 Nd5 20. Be5 Qd8 21. Nd2
Nc7 22. Bxg7 Kxg7 23. Qc3 Kg8 24. Nf3 Nb5 25. Qc4 e6 26. Ne5 Qf6 27. Nb4 Rcd8
28. a4 Nc7 29. Ng4 Qg7 30. Nd3 Rxd4 31. Qb3 Rb8 32. Nge5 Qf8 33. Qc3 Qd8 34. Re3
Rd7 35. Nxd7 Qxd7 36. Qe5 Qe7 37. Nf4 Nd5 38. Qxb8+ 1-0

[Event "Challenge"]
[Site "http://www.queenalice.com/game.php?id=1456056"]
[Date "2016.12.23"]
[Round "-"]
[White "alexferreira"]
[Black "roda"]
[Result "0-1"]
[WhiteElo "2008"]
[BlackElo "1913"]

1. d4 Nf6 2. g3 d5 3. Bg2 e6 4. Nf3 Nc6 5. Bg5 h6 6. Bxf6 Qxf6 7. c3 Na5 8. Nbd2
Bd6 9. e4 dxe4 10. Nxe4 Qe7 11. Nxd6+ Qxd6 12. O-O Nc4 13. b3 Nb6 14. Re1 O-O
15. Qc2 Nd7 16. Re3 Rb8 17. Rae1 Nf6 18. Ne5 a5 19. a4 b6 20. Nc6 Rb7 21. Qe2
Re8 22. Qb5 Kh8 23. Ne5 Re7 24. Bxb7 Bxb7 25. f3 Nd5 26. Rd3 c6 27. Qc4 Rc7 28.
Rd2 b5 29. axb5 cxb5 30. Nxf7+ Rxf7 31. f4 bxc4 0-1

[Event "Challenge"]
[Site "http://www.queenalice.com/game.php?id=1456057"]
[Date "2016.12.23"]
[Round "-"]
[White "roda"]
[Black "alexferreira"]
[Result "1-0"]
[WhiteElo "1933"]
[BlackElo "1988"]

1. e4 d5 2. e5 g6 3. d4 Bg7 4. Nf3 f6 5. c4 c6 6. h3 Nd7 7. Nc3 dxc4 8. Bxc4 Nb6
9. Qb3 Nxc4 10. Qxc4 fxe5 11. dxe5 Bf5 12. O-O Nh6 13. Bf4 Nf7 14. Rad1 Qb6 15.
e6 Nd8 16. Ng5 O-O 17. Bd6 Re8 18. Rd2 h6 19. Bc5 Qc7 20. Rd7 Qe5 21. Rxe7 Rxe7
22. Bxe7 Nxe6 23. Nf3 b5 24. Qxc6 Qc7 25. Qxa8+ Kh7 26. Bb4 Qd7 27. Qb8 a6 28.
Ne5 Qc7 29. Qxc7 Nxc7 30. Re1 Na8 31. a3 Nc7 32. g4 Bc2 33. f4 Bb3 34. Re2 1-0